| 000 | 01084nam a2200241 4500 | ||
|---|---|---|---|
| 005 | 20240530110549.0 | ||
| 008 | 160618s2013 ua a|||g b||| 00| 0 ara d | ||
| 017 |
_a2013/9038 _bمصر. دار الكتب |
||
| 020 | _a9789771028727 | ||
| 040 | _aEG-CaGPL | ||
| 082 | 0 | 4 |
_a967.7305/ _bع د _221 |
| 100 | 0 | _aعبدالقادر عبدالله عبار | |
| 245 | 1 | 2 |
_aالدولة والقبيلة في الصومال من الاستقلال الى الحرب الاهلية (1960-1991) / _cتأليف عبدالقادر عبدالله عبار، تقديم السيد فليفل. |
| 250 | _aط. 1. | ||
| 260 |
_aالقاهرة : _bمركز الشاهد للبحوث والدراسات الاعلامية ؛ دار الفكر العربى، _c2013. |
||
| 300 |
_a327 ص. : _bايض ؛ _c24 سم. |
||
| 490 | 1 |
_aاوراق الشاهد ؛ _v4 |
|
| 504 | _aببليوجرافية :ص. 314-327. | ||
| 651 | 0 | 4 |
_aالصومال _xتاريخ _yالعصر الحديث |
| 700 | 0 |
_aالسيد فليفل _eمقدم. |
|
| 942 |
_2ddc _cBK |
||
| 999 |
_c62412 _d62412 |
||